<?xml version="1.0" encoding="UTF-8"?>
<collection xmlns="http://www.loc.gov/MARC21/slim">
<record>
  <controlfield tag="001">118104</controlfield>
  <controlfield tag="005">20220831135229.0</controlfield>
  <datafield tag="037" ind1=" " ind2=" ">
    <subfield code="a">TESIS-2022-151</subfield>
  </datafield>
  <datafield tag="041" ind1=" " ind2=" ">
    <subfield code="a">spa</subfield>
  </datafield>
  <datafield tag="100" ind1="1" ind2=" ">
    <subfield code="a">Gonzalo Ciria, Laura</subfield>
  </datafield>
  <datafield tag="245" ind1="0" ind2="0">
    <subfield code="a">Perfil ocupacional de los cuidadores familiares</subfield>
  </datafield>
  <datafield tag="260" ind1=" " ind2=" ">
    <subfield code="a">Zaragoza</subfield>
    <subfield code="b">Universidad de Zaragoza, Prensas de la Universidad</subfield>
    <subfield code="c">2022</subfield>
  </datafield>
  <datafield tag="300" ind1=" " ind2=" ">
    <subfield code="a">337</subfield>
  </datafield>
  <datafield tag="490" ind1="0" ind2=" ">
    <subfield code="a">Tesis de la Universidad de Zaragoza</subfield>
    <subfield code="x">2254-7606</subfield>
    <subfield code="v">2022-88</subfield>
  </datafield>
  <datafield tag="500" ind1=" " ind2=" ">
    <subfield code="a">Presentado:  03 05 2022</subfield>
  </datafield>
  <datafield tag="502" ind1=" " ind2=" ">
    <subfield code="a">Tesis-Univ. Zaragoza,  , 2022</subfield>
    <subfield code="b">Zaragoza, Universidad de Zaragoza</subfield>
    <subfield code="c">2022</subfield>
  </datafield>
  <datafield tag="520" ind1=" " ind2=" ">
    <subfield code="a">INTRODUCCIÓN&lt;br />El cuidado de un familiar dependiente es una ocupación, ligada al ámbito doméstico, que implican proporcionar cuidados y actividades de supervisión y se presenta como una obligación moral inherente al ser humano y determinada por nuestra cultura, así como una obligación civil plasmada nuestro código civil.&lt;br />En España, el ámbito del cuidado se ve sustancialmente afectado por la tendencia de los cambios sociodemográficos, por lo que hay menos personas en disposición de cuidar y más personas que necesitan cuidados, y se plantea como un problema social de primera magnitud que hace cuestionar las bases sobre las que se asienta el Estado de Bienestar. &lt;br />Actualmente son prácticamente inexistentes los estudios que analizan de forma rigurosa los componentes del desempeño ocupacional de los cuidadores y su relación con la salud y la eficiencia de los programas dirigidos a cuidadores se cuestiona cada día. Por ello, es necesario conocer las limitaciones que tienen los cuidadores en la participación, así como los factores del ambiente que intervienen y su repercusión en la calidad de vida, para mejorar la efectividad de los programas y gestionar mejor los recursos. &lt;br />OBJETIVO:&lt;br />analizar las limitaciones que tienen los cuidadores en la participación, así como los factores del ambiente que intervienen para determinar el perfil sociodemográfico, de cuidados y ocupacional del cuidador familiar y analizar su desempeño, satisfacción y calidad de vida, así como las diferencias  entre hombres y mujeres cuidadores y las relacionadas con la edad. &lt;br />MATERIAL Y MÉTODOS &lt;br />Se presenta un estudio descriptivo, analítico y  transversal de cuidadores de un familiar con discapacidad y/o enfermedad crónica de la ciudad de Zaragoza. Se utiliza un cuestionario de elaboración propia que incluye preguntas para determinar su perfil sociodemográfico, de cuidados y ocupacional, e incluye dos instrumentos de valoración: The Canadian Occupational Performance Measure (COPM) para valorar el desempeño y satisfacción ocupacional y el WHOQOL-Bref, la calidad de vida. &lt;br />RESULTADOS &lt;br />Se obtuvo una muestra de 500 cuidadores, 364 mujeres (72,8%) y 136 hombres (27,2%). Presentan una edad media de 60,3±13,64, suelen ser hijos/hijas (33,6%), tienen pareja (76%) y viven con su familiar al que cuidan (75,5%). Presentan un desempeño con una media de 3,77±2,18 y una satisfacción de 5,02±2,69. En cuanto a los dominios de calidad de vida, se obtuvo una media de 56,39±19,49 en la salud física, 54,75±18,52 en la salud psicológica, 50,1±20,84 en las relaciones sociales y 54,31±15,51 en el ambiente. Además, presentaron una afectación en todas las actividades de autocuidado, productividad y ocio analizadas, siendo las más afectadas el descansar y dormir (46,6%), viajar e ir de vacaciones (46,42%), quedar con amigos (39,2%), ser puntual y constante en el trabajo (38,2%) y visitar a familiares (34,85). &lt;br />CONCLUSIONES &lt;br />El perfil de los cuidadores familiares es altamente feminizado y presentan una gran afectación en el desempeño, satisfacción y calidad de vida. Los cuidadores familiares priorizan las actividades de ocio a las de autocuidado y productividad. &lt;br /></subfield>
  </datafield>
  <datafield tag="506" ind1=" " ind2=" ">
    <subfield code="a">by-nc</subfield>
    <subfield code="b">Creative Commons</subfield>
    <subfield code="c">3.0</subfield>
    <subfield code="u">http://creativecommons.org/licenses/by-nc/3.0/es</subfield>
  </datafield>
  <datafield tag="520" ind1=" " ind2=" ">
    <subfield code="a">&lt;br /></subfield>
  </datafield>
  <datafield tag="521" ind1=" " ind2=" ">
    <subfield code="9">7084</subfield>
    <subfield code="a">Programa de Doctorado en Ciencias de la Salud y del Deporte</subfield>
  </datafield>
  <datafield tag="653" ind1="1" ind2=" ">
    <subfield code="a">sector de la salud</subfield>
  </datafield>
  <datafield tag="700" ind1=" " ind2=" ">
    <subfield code="a">Gascón Catalán, Ana María </subfield>
    <subfield code="e">dir.</subfield>
  </datafield>
  <datafield tag="700" ind1=" " ind2=" ">
    <subfield code="a">Perez de Heredia Torres, Marta </subfield>
    <subfield code="e">dir.</subfield>
  </datafield>
  <datafield tag="710" ind1="2" ind2=" ">
    <subfield code="a">Universidad de Zaragoza</subfield>
    <subfield code="b"> </subfield>
  </datafield>
  <datafield tag="830" ind1=" " ind2=" ">
    <subfield code="9">496</subfield>
  </datafield>
  <datafield tag="856" ind1="0" ind2=" ">
    <subfield code="f">cdeurop@unizar.es</subfield>
  </datafield>
  <datafield tag="856" ind1="4" ind2=" ">
    <subfield code="u">http://zaguan.unizar.es/record/118104/files/TESIS-2022-151.pdf</subfield>
    <subfield code="z">Texto completo (spa)</subfield>
    <subfield code="s">3394111</subfield>
  </datafield>
  <datafield tag="909" ind1="C" ind2="O">
    <subfield code="o">oai:zaguan.unizar.es:118104</subfield>
    <subfield code="p">driver</subfield>
    <subfield code="p">tesis</subfield>
  </datafield>
  <datafield tag="910" ind1="2" ind2=" ">
    <subfield code="a"></subfield>
    <subfield code="b"> </subfield>
  </datafield>
  <datafield tag="980" ind1=" " ind2=" ">
    <subfield code="a">TESIS</subfield>
  </datafield>
</record>
</collection>